[Event "AsianNationCup2018-WomenRapid"]
[Site "?"]
[Date "2018.07.27"]
[Round "5.2"]
[White "Nguyen, Thi Mai Hung"]
[Black "Kalvandi, Nashmil"]
[Result "1-0"]
[BlackElo "1503"]
[WhiteElo "2278"]
[LiveChessVersion "1.4.8"]

1. d4 Nf6 {[%clk 0:15:15]} 2. Nf3 {[%clk 0:15:20]} g6 {[%clk 0:15:22]} 3. g3
{[%clk 0:15:21]} Bg7 {[%clk 0:15:28]} 4. Bg2 {[%clk 0:15:30]} O-O
{[%clk 0:15:36]} 5. O-O {[%clk 0:15:38]} d5 {[%clk 0:15:43]} 6. c4
{[%clk 0:15:41]} c6 {[%clk 0:15:32]} 7. Qb3 {[%clk 0:15:37]} dxc4
{[%clk 0:15:19]} 8. Qxc4 {[%clk 0:15:45]} Nbd7 {[%clk 0:14:22]} 9. Nc3
{[%clk 0:15:32]} Nb6 {[%clk 0:14:25]} 10. Qd3 {[%clk 0:15:28]} Re8
{[%clk 0:13:48]} 11. Rd1 {[%clk 0:15:15]} Be6 {[%clk 0:12:30]} 12. e4
{[%clk 0:14:38]} Bc4 {[%clk 0:11:23]} 13. Qc2 {[%clk 0:14:28]} e6
{[%clk 0:10:57]} 14. b3 {[%clk 0:12:29]} Ba6 {[%clk 0:11:03]} 15. Bb2
{[%clk 0:12:34]} Qe7 {[%clk 0:10:57]} 16. a4 {[%clk 0:11:04]} Rad8
{[%clk 0:09:48]} 17. Ba3 {[%clk 0:10:55]} Qc7 {[%clk 0:09:19]} 18. e5
{[%clk 0:08:13]} Nfd5 {[%clk 0:09:20]} 19. Ne4 {[%clk 0:08:19]} Nc8
{[%clk 0:08:25]} 20. b4 {[%clk 0:06:57]} Nce7 {[%clk 0:06:40]} 21. Rac1
{[%clk 0:06:34]} Qd7 {[%clk 0:05:58]} 22. Nc5 {[%clk 0:05:42]} Qc8
{[%clk 0:05:44]} 23. Nxa6 {[%clk 0:05:36]} bxa6 {[%clk 0:05:52]} 24. Nd2
{[%clk 0:05:44]} a5 {[%clk 0:04:54]} 25. bxa5 {[%clk 0:05:37]} Qa6
{[%clk 0:03:40]} 26. Nc4 {[%clk 0:05:16]} Nf5 {[%clk 0:02:46]} 27. Bf1
{[%clk 0:05:00]} Qc8 {[%clk 0:01:48]} 28. g4 {[%clk 0:04:44]} Nh6
{[%clk 0:01:29]} 29. Nd6 {[%clk 0:04:42]} Rxd6 {[%clk 0:01:38]} 30. exd6
{[%clk 0:04:17]} Qd8 {[%clk 0:01:31]} 31. Qxc6 {[%clk 0:04:03]} Nxg4
{[%clk 0:00:50]} 32. d7 {[%clk 0:03:48]} Rf8 {[%clk 0:00:57]} 33. Qd6
{[%clk 0:01:54]} Nxf2 {[%clk 0:00:28]} 34. Kxf2 {[%clk 0:01:51]} Qh4+
{[%clk 0:00:37]} 35. Kg1 {[%clk 0:00:58]} Bxd4+ {[%clk 0:00:20]} 36. Kh1
{[%clk 0:00:55]} Rd8 {[%clk 0:00:29]} 37. Rc8 {[%clk 0:00:36]} Bg7
{[%clk 0:00:16]} 38. Rxd8+ {[%clk 0:00:32]} Qxd8 {[%clk 0:00:25]} 39. Rc1
{[%clk 0:00:41]} Nc3 {[%clk 0:00:21]} 40. Qe7 {[%clk 0:00:35]} Bf6
{[%clk 0:00:22]} 41. Qxd8+ {[%clk 0:00:40]} Bxd8 {[%clk 0:00:31]} 42. Rxc3
{[%clk 0:00:49]} 1-0

[Event "AsianNationCup2018-WomenRapid"]
[Site "?"]
[Date "2018.07.27"]
[Round "5.3"]
[White "Mobarhani, Nazanin"]
[Black "Nguyen, Thi Thanh An"]
[Result "0-1"]
[BlackElo "2248"]
[WhiteElo "1703"]
[LiveChessVersion "1.4.8"]

1. e4 {[%clk 0:15:05]} g6 {[%clk 0:15:18]} 2. d4 {[%clk 0:15:13]} Bg7
{[%clk 0:15:27]} 3. Nc3 {[%clk 0:15:18]} c6 {[%clk 0:15:36]} 4. Nf3
{[%clk 0:15:02]} d6 {[%clk 0:15:38]} 5. h3 {[%clk 0:15:08]} Nf6 {[%clk 0:15:33]}
6. Bd3 {[%clk 0:14:43]} Qc7 {[%clk 0:15:25]} 7. O-O {[%clk 0:14:42]} Nbd7
{[%clk 0:15:31]} 8. Bf4 {[%clk 0:14:02]} e5 {[%clk 0:15:18]} 9. dxe5
{[%clk 0:13:52]} dxe5 {[%clk 0:15:25]} 10. Be3 {[%clk 0:13:43]} O-O
{[%clk 0:15:16]} 11. Qc1 {[%clk 0:13:34]} Re8 {[%clk 0:15:23]} 12. Bc4
{[%clk 0:12:41]} Nb6 {[%clk 0:15:16]} 13. Bb3 {[%clk 0:12:29]} Be6
{[%clk 0:15:22]} 14. Bh6 {[%clk 0:12:15]} Nbd7 {[%clk 0:15:12]} 15. Be3
{[%clk 0:11:39]} Nf8 {[%clk 0:13:46]} 16. Bg5 {[%clk 0:08:53]} b5
{[%clk 0:13:33]} 17. Qe3 {[%clk 0:08:36]} Bxb3 {[%clk 0:12:12]} 18. axb3
{[%clk 0:08:44]} Ne6 {[%clk 0:12:19]} 19. Bxf6 {[%clk 0:07:20]} Bxf6
{[%clk 0:12:26]} 20. Ra6 {[%clk 0:07:17]} Be7 {[%clk 0:12:04]} 21. Ne2
{[%clk 0:04:42]} Bc5 {[%clk 0:11:32]} 22. Qc3 {[%clk 0:04:16]} f6
{[%clk 0:11:35]} 23. b4 {[%clk 0:04:02]} Bb6 {[%clk 0:11:43]} 24. Raa1
{[%clk 0:03:17]} Rad8 {[%clk 0:11:46]} 25. Rad1 {[%clk 0:02:58]} Kf7
{[%clk 0:11:00]} 26. Qb3 {[%clk 0:02:09]} Qe7 27. c3 c5 {[%clk 0:09:11]} 28. bxc5
{[%clk 0:02:11]} Rxd1 {[%clk 0:08:51]} 29. Rxd1 {[%clk 0:01:17]} Qxc5 30. Rf1
{[%clk 0:00:46]} Rd8 {[%clk 0:08:53]} 31. Ng3 Qc4 {[%clk 0:08:39]} 32. Qxc4
{[%clk 0:00:35]} bxc4 {[%clk 0:08:47]} 33. Ne2 {[%clk 0:00:25]} Nc5
{[%clk 0:08:53]} 34. Ng3 {[%clk 0:00:17]} Nd3 {[%clk 0:08:45]} 35. h4
{[%clk 0:00:12]} Nxb2 {[%clk 0:08:46]} 36. h5 {[%clk 0:00:20]} Rd3
{[%clk 0:08:36]} 37. Rc1 {[%clk 0:00:12]} Nd1 {[%clk 0:08:26]} 0-1

[Event "AsianNationCup2018-WomenRapid"]
[Site "?"]
[Date "2018.07.27"]
[Round "5.4"]
[White "Luong, Phuong Hanh"]
[Black "Gholami Orimi, Anahita"]
[Result "0-1"]
[BlackElo "1742"]
[WhiteElo "2173"]
[LiveChessVersion "1.4.8"]

1. d4 {[%clk 0:15:19]} Nf6 {[%clk 0:15:19]} 2. Nf3 {[%clk 0:15:27]} e6
{[%clk 0:15:26]} 3. g3 {[%clk 0:15:35]} d5 {[%clk 0:15:34]} 4. Bg2
{[%clk 0:15:44]} c5 {[%clk 0:15:42]} 5. O-O {[%clk 0:15:52]} Nc6 {[%clk 0:15:49]}
6. Bf4 {[%clk 0:15:43]} Qb6 {[%clk 0:15:46]} 7. dxc5 {[%clk 0:15:45]} Qxb2
{[%clk 0:15:03]} 8. Nbd2 {[%clk 0:15:53]} Qa3 {[%clk 0:14:44]} 9. Nb3
{[%clk 0:13:47]} Be7 {[%clk 0:13:47]} 10. Nfd4 {[%clk 0:12:56]} Nxd4
{[%clk 0:12:00]} 11. Qxd4 {[%clk 0:12:50]} O-O {[%clk 0:11:43]} 12. Rfd1
{[%clk 0:12:39]} Nd7 {[%clk 0:11:29]} 13. Bc1 {[%clk 0:08:46]} Qa6
{[%clk 0:11:23]} 14. Qe3 {[%clk 0:08:54]} Bf6 {[%clk 0:09:52]} 15. c3
{[%clk 0:09:03]} Ne5 {[%clk 0:09:08]} 16. Nd4 {[%clk 0:08:58]} Nc4
{[%clk 0:08:54]} 17. Qd3 {[%clk 0:09:06]} Qa5 {[%clk 0:08:40]} 18. e4
{[%clk 0:08:59]} Qxc5 {[%clk 0:08:20]} 19. Nb3 {[%clk 0:08:38]} Qc7
{[%clk 0:06:58]} 20. exd5 {[%clk 0:08:47]} exd5 {[%clk 0:07:03]} 21. Bxd5
{[%clk 0:08:51]} Nb6 {[%clk 0:06:14]} 22. Be4 {[%clk 0:07:41]} h6
{[%clk 0:06:16]} 23. Nd4 {[%clk 0:07:31]} a6 {[%clk 0:05:44]} 24. Bf4
{[%clk 0:06:50]} Be5 {[%clk 0:05:03]} 25. Bxe5 {[%clk 0:06:32]} Qxe5
{[%clk 0:05:11]} 26. Rab1 {[%clk 0:06:40]} Qc7 {[%clk 0:05:09]} 27. Qf3
{[%clk 0:06:47]} Rb8 {[%clk 0:04:23]} 28. Bc2 {[%clk 0:06:23]} Nc4
{[%clk 0:03:29]} 29. Qd3 {[%clk 0:06:16]} g6 {[%clk 0:03:30]} 30. Bb3
{[%clk 0:05:59]} b5 {[%clk 0:03:29]} 31. a4 {[%clk 0:05:49]} Bd7 {[%clk 0:02:12]}
32. axb5 {[%clk 0:04:25]} axb5 {[%clk 0:02:16]} 33. Qf3 {[%clk 0:04:28]} Kg7
{[%clk 0:01:59]} 34. Ra1 {[%clk 0:03:56]} Bc8 {[%clk 0:01:42]} 35. Qe2
{[%clk 0:03:52]} Bb7 {[%clk 0:00:59]} 36. Nxb5 {[%clk 0:02:28]} Qc6
{[%clk 0:01:03]} 37. f3 {[%clk 0:02:37]} Rbe8 {[%clk 0:00:38]} 38. Qd3
{[%clk 0:02:14]} Ne5 {[%clk 0:00:21]} 39. Nd4 {[%clk 0:01:44]} Nxf3+
{[%clk 0:00:29]} 40. Nxf3 {[%clk 0:01:52]} Qxf3 {[%clk 0:00:35]} 41. Qxf3
{[%clk 0:02:01]} Bxf3 {[%clk 0:00:43]} 42. Rd3 {[%clk 0:02:05]} Bc6
{[%clk 0:00:37]} 43. Rd6 {[%clk 0:02:12]} Bf3 {[%clk 0:00:36]} 44. Kf2
{[%clk 0:02:19]} Bg4 {[%clk 0:00:43]} 45. Ra2 {[%clk 0:02:16]} Re7
{[%clk 0:00:33]} 46. c4 {[%clk 0:02:03]} Be6 {[%clk 0:00:40]} 47. Rc2
{[%clk 0:02:03]} Rc8 {[%clk 0:00:40]} 48. Ba2 {[%clk 0:01:37]} Rec7
{[%clk 0:00:38]} 49. Rd4 {[%clk 0:01:46]} Rc5 {[%clk 0:00:43]} 50. Ke3
{[%clk 0:01:55]} Re5+ {[%clk 0:00:51]} 51. Kd2 {[%clk 0:02:04]} Bf5
{[%clk 0:00:44]} 52. Rc1 {[%clk 0:02:09]} Rce8 {[%clk 0:00:50]} 53. Kc3
{[%clk 0:01:49]} Re2 {[%clk 0:00:44]} 54. Kb4 {[%clk 0:01:22]} Rxa2
{[%clk 0:00:49]} 55. c5 {[%clk 0:01:31]} Rb8+ {[%clk 0:00:48]} 56. Kc3
{[%clk 0:01:40]} Rc8 {[%clk 0:00:52]} 57. Kb4 {[%clk 0:01:49]} Rb2+
{[%clk 0:00:58]} 58. Kc3 {[%clk 0:01:58]} Rxh2 {[%clk 0:01:05]} 59. Kb4
{[%clk 0:02:06]} Rb2+ {[%clk 0:01:10]} 60. Kc3 {[%clk 0:02:16]} Rg2
{[%clk 0:01:16]} 61. Kb4 {[%clk 0:02:23]} Rxg3 {[%clk 0:01:19]} 62. c6
{[%clk 0:02:31]} Rg4 {[%clk 0:01:15]} 0-1

[Event "AsianNationCup2018-WomenRapid"]
[Site "?"]
[Date "2018.07.27"]
[Round "5.5"]
[White "Hejazipour, Mitra"]
[Black "Asadi, Motahare"]
[Result "1/2-1/2"]
[BlackElo "1825"]
[WhiteElo "2250"]
[LiveChessVersion "1.4.8"]

1. d4 {[%clk 0:15:10]} Nf6 {[%clk 0:14:54]} 2. c4 {[%clk 0:15:18]} c5
{[%clk 0:15:03]} 3. d5 {[%clk 0:15:26]} e6 {[%clk 0:15:12]} 4. Nc3
{[%clk 0:15:32]} exd5 {[%clk 0:15:20]} 5. cxd5 {[%clk 0:15:41]} d6
{[%clk 0:15:29]} 6. Nf3 {[%clk 0:15:45]} g6 {[%clk 0:15:35]} 7. h3
{[%clk 0:15:42]} Bg7 {[%clk 0:15:41]} 8. Bf4 {[%clk 0:15:49]} a6 {[%clk 0:15:49]}
9. a4 {[%clk 0:15:58]} O-O {[%clk 0:15:31]} 10. e3 {[%clk 0:16:06]} Qe7
{[%clk 0:14:14]} 11. Be2 {[%clk 0:15:24]} Nbd7 {[%clk 0:13:38]} 12. Nd2
{[%clk 0:15:30]} Ne5 {[%clk 0:13:28]} 13. O-O {[%clk 0:15:30]} Bf5
{[%clk 0:13:06]} 14. e4 {[%clk 0:15:03]} Bd7 {[%clk 0:13:05]} 15. a5
{[%clk 0:15:06]} Ne8 {[%clk 0:12:12]} 16. Be3 {[%clk 0:10:59]} f5
{[%clk 0:10:46]} 17. exf5 {[%clk 0:10:12]} Bxf5 {[%clk 0:10:36]} 18. Qb3
{[%clk 0:10:09]} Kh8 {[%clk 0:09:42]} 19. Nce4 {[%clk 0:08:56]} Rc8
{[%clk 0:05:40]} 20. Ng3 {[%clk 0:08:41]} Nc7 {[%clk 0:04:27]} 21. Rae1
{[%clk 0:06:26]} Qf7 {[%clk 0:03:22]} 22. f4 {[%clk 0:05:31]} Nd7
{[%clk 0:02:46]} 23. Nxf5 {[%clk 0:04:34]} gxf5 {[%clk 0:02:52]} 24. Nc4
{[%clk 0:03:52]} Nb5 {[%clk 0:02:58]} 25. Bf3 {[%clk 0:03:38]} Rce8
{[%clk 0:02:46]} 26. Kh1 {[%clk 0:03:29]} Nf6 {[%clk 0:02:50]} 27. Na3
{[%clk 0:02:50]} Qd7 {[%clk 0:02:19]} 28. Bf2 {[%clk 0:00:45]} Ne4
{[%clk 0:01:56]} 29. Bxe4 {[%clk 0:00:42]} fxe4 {[%clk 0:01:43]} 30. Nxb5
{[%clk 0:00:51]} Qxb5 {[%clk 0:01:40]} 31. Qxb5 {[%clk 0:00:49]} axb5
{[%clk 0:01:48]} 32. Be3 {[%clk 0:00:46]} b4 {[%clk 0:01:31]} 33. Bc1
{[%clk 0:00:43]} Rf5 {[%clk 0:01:21]} 34. Rd1 {[%clk 0:00:45]} Bd4
{[%clk 0:01:30]} 35. b3 {[%clk 0:00:26]} Rxd5 {[%clk 0:01:35]} 36. Be3
{[%clk 0:00:36]} Ra8 {[%clk 0:01:40]} 37. f5 {[%clk 0:00:33]} Kg7
{[%clk 0:01:44]} 38. Rf4 {[%clk 0:00:30]} Bxe3 {[%clk 0:01:50]} 39. Rg4+
{[%clk 0:00:39]} Kf6 {[%clk 0:01:55]} 40. Rxd5 {[%clk 0:00:49]} Rxa5
{[%clk 0:01:47]} 41. Rxe4 {[%clk 0:00:57]} Bd4 {[%clk 0:01:56]} 42. g4
{[%clk 0:00:44]} Ra1+ {[%clk 0:01:59]} 43. Kg2 {[%clk 0:00:53]} Be5
{[%clk 0:02:07]} 44. Re3 {[%clk 0:00:45]} b5 {[%clk 0:02:15]} 45. Rf3
{[%clk 0:00:54]} h6 {[%clk 0:02:23]} 46. h4 {[%clk 0:01:02]} Ra2+
{[%clk 0:02:31]} 47. Kf1 {[%clk 0:01:10]} Ra1+ {[%clk 0:02:28]} 48. Ke2
{[%clk 0:01:15]} Rg1 {[%clk 0:02:36]} 49. Rd1 {[%clk 0:00:48]} Rxg4
{[%clk 0:02:42]} 50. h5 {[%clk 0:00:38]} c4 {[%clk 0:02:48]} 51. Rb1
{[%clk 0:00:17]} c3 {[%clk 0:02:44]} 52. Rd1 {[%clk 0:00:14]} Rg5
{[%clk 0:02:42]} 53. Kd3 {[%clk 0:00:20]} Rxh5 {[%clk 0:02:44]} 54. Rdf1
{[%clk 0:00:16]} Rh2 {[%clk 0:02:47]} 55. Rg1 {[%clk 0:00:16]} Rd2+
{[%clk 0:02:45]} 56. Ke4 {[%clk 0:00:26]} Rd4+ {[%clk 0:02:53]} 57. Ke3
{[%clk 0:00:35]} Rd5 {[%clk 0:02:33]} 58. Rg6+ {[%clk 0:00:41]} Kf7
{[%clk 0:02:43]} 59. Rf1 {[%clk 0:00:43]} Bg7 {[%clk 0:02:19]} 60. Ra1
{[%clk 0:00:46]} Re5+ {[%clk 0:01:23]} 61. Kd3 {[%clk 0:00:25]} Rd5+
{[%clk 0:01:01]} 62. Ke3 {[%clk 0:00:34]} Rxf5 {[%clk 0:01:02]} 63. Rxd6
{[%clk 0:00:41]} Re5+ {[%clk 0:01:06]} 64. Kd3 {[%clk 0:00:49]} Re7
{[%clk 0:01:12]} 65. Rf1+ {[%clk 0:00:54]} Kg8 {[%clk 0:01:18]} 66. Rd5
{[%clk 0:00:58]} Rb7 {[%clk 0:01:20]} 67. Kc2 {[%clk 0:00:57]} Kh7
{[%clk 0:01:10]} 68. Rff5 {[%clk 0:01:06]} Kg6 {[%clk 0:00:47]} 69. Rf2
{[%clk 0:00:47]} Ra7 {[%clk 0:00:47]} 70. Kd3 {[%clk 0:00:50]} Rb7
{[%clk 0:00:25]} 71. Re2 {[%clk 0:00:52]} Rb6 {[%clk 0:00:33]} 72. Rg2+
{[%clk 0:00:58]} Kf6 {[%clk 0:00:37]} 73. Rd7 {[%clk 0:01:00]} Bf8
{[%clk 0:00:36]} 74. Rf2+ {[%clk 0:00:35]} Ke6 {[%clk 0:00:43]} 75. Rdf7
{[%clk 0:00:29]} Rd6+ {[%clk 0:00:40]} 76. Kc2 {[%clk 0:00:38]} Rd2+
{[%clk 0:00:43]} 77. Rxd2 {[%clk 0:00:43]} Kxf7 {[%clk 0:00:53]} 78. Rd5
{[%clk 0:00:44]} Kg6 {[%clk 0:01:00]} 79. Kd3 {[%clk 0:00:45]} h5
{[%clk 0:01:04]} 80. Rxb5 {[%clk 0:00:48]} h4 {[%clk 0:00:57]} 81. Rb8
{[%clk 0:00:43]} Be7 {[%clk 0:01:06]} 82. Ke4 {[%clk 0:00:44]} Bg5
{[%clk 0:00:40]} 83. Rxb4 {[%clk 0:00:14]} c2 {[%clk 0:00:36]} 84. Rc4
{[%clk 0:00:23]} c1=Q {[%clk 0:00:43]} 85. Rxc1 {[%clk 0:00:32]} Bxc1
{[%clk 0:15:10]} 86. Kf3 1/2-1/2

[Event "AsianNationCup2018-WomenRapid"]
[Site "?"]
[Date "2018.07.27"]
[Round "5.6"]
[White "Asgharzadeh, Mitra"]
[Black "Alinasab, Mobina"]
[Result "0-1"]
[BlackElo "2099"]
[WhiteElo "1991"]
[LiveChessVersion "1.4.8"]

1. d4 {[%clk 0:15:17]} e6 {[%clk 0:15:19]} 2. Nf3 {[%clk 0:15:24]} Nf6
{[%clk 0:15:17]} 3. e3 {[%clk 0:15:31]} d5 {[%clk 0:15:02]} 4. Bd3
{[%clk 0:15:39]} c5 {[%clk 0:14:53]} 5. Nbd2 {[%clk 0:15:43]} Nc6
{[%clk 0:15:00]} 6. b3 {[%clk 0:15:45]} Qc7 {[%clk 0:14:30]} 7. Bb2
{[%clk 0:14:54]} cxd4 {[%clk 0:13:32]} 8. exd4 {[%clk 0:15:01]} Bd6
{[%clk 0:13:39]} 9. a3 {[%clk 0:14:21]} b6 {[%clk 0:13:06]} 10. O-O
{[%clk 0:14:18]} Bb7 {[%clk 0:12:18]} 11. Re1 {[%clk 0:14:11]} Ng4
{[%clk 0:09:17]} 12. h3 {[%clk 0:12:13]} Nf6 {[%clk 0:09:05]} 13. c4
{[%clk 0:10:14]} O-O {[%clk 0:07:32]} 14. Ne5 {[%clk 0:10:09]} dxc4
{[%clk 0:07:09]} 15. bxc4 {[%clk 0:09:56]} Nd7 {[%clk 0:04:24]} 16. Nxd7
{[%clk 0:06:01]} Qxd7 {[%clk 0:04:28]} 17. Qh5 {[%clk 0:05:43]} f5
{[%clk 0:02:12]} 18. Nf3 {[%clk 0:05:08]} g6 {[%clk 0:00:28]} 19. Qh6
{[%clk 0:04:45]} Rfe8 {[%clk 0:00:25]} 20. Rad1 {[%clk 0:03:26]} Bf8
{[%clk 0:00:33]} 21. Qh4 {[%clk 0:03:06]} Bg7 {[%clk 0:00:34]} 22. Ne5
{[%clk 0:01:56]} Nxe5 {[%clk 0:00:39]} 23. dxe5 {[%clk 0:02:05]} Qc7
{[%clk 0:00:39]} 24. Bf1 {[%clk 0:01:44]} Rad8 {[%clk 0:00:30]} 25. Bd4
{[%clk 0:00:50]} Rd7 {[%clk 0:00:23]} 26. c5 {[%clk 0:00:35]} bxc5
{[%clk 0:00:24]} 27. Rc1 {[%clk 0:00:42]} Rc8 {[%clk 0:00:17]} 28. Rxc5
{[%clk 0:00:36]} Qd8 {[%clk 0:00:17]} 29. Qxd8+ {[%clk 0:00:38]} Rcxd8
{[%clk 0:00:26]} 30. Bc3 {[%clk 0:00:29]} Bf8 {[%clk 0:00:28]} 31. Ra5
{[%clk 0:00:33]} Bd5 {[%clk 0:00:37]} 32. Bb5 {[%clk 0:00:36]} Rc7
{[%clk 0:00:31]} 33. Bb4 {[%clk 0:00:39]} Bxb4 {[%clk 0:00:18]} 34. axb4
{[%clk 0:00:48]} Rb8 {[%clk 0:00:27]} 35. Rea1 {[%clk 0:00:49]} Rcb7
{[%clk 0:00:20]} 36. Bd3 {[%clk 0:00:44]} Rxb4 {[%clk 0:00:20]} 37. Rxa7
{[%clk 0:00:53]} Rb3 {[%clk 0:00:21]} 38. Bc2 {[%clk 0:00:31]} Rb2
{[%clk 0:00:19]} 39. Rc7 {[%clk 0:00:34]} R2b7 {[%clk 0:00:19]} 40. Ra7
{[%clk 0:00:19]} Rxa7 {[%clk 0:00:27]} 41. Rxa7 {[%clk 0:00:28]} Rc8
{[%clk 0:00:33]} 42. Bd3 {[%clk 0:00:22]} Rc1+ {[%clk 0:00:30]} 43. Kh2
{[%clk 0:00:29]} Re1 {[%clk 0:00:14]} 44. Ra5 {[%clk 0:00:20]} Kg7
{[%clk 0:00:14]} 45. f4 {[%clk 0:00:17]} Kh6 {[%clk 0:00:14]} 46. Ra3
{[%clk 0:00:19]} g5 {[%clk 0:00:18]} 47. g3 {[%clk 0:00:19]} Rh1#
{[%clk 0:00:27]} 0-1

[Event "AsianNationCup2018-WomenRapid"]
[Site "?"]
[Date "2018.07.27"]
[Round "5.7"]
[White "Zahedifar, Anahita"]
[Black "Alavi, Homa"]
[Result "1/2-1/2"]
[BlackElo "1978"]
[WhiteElo "2083"]
[LiveChessVersion "1.4.8"]

1. d4 {[%clk 0:15:17]} Nf6 {[%clk 0:15:19]} 2. c4 {[%clk 0:15:24]} g6
{[%clk 0:15:28]} 3. Nc3 {[%clk 0:15:24]} Bg7 {[%clk 0:15:38]} 4. e4
{[%clk 0:15:33]} d6 {[%clk 0:15:47]} 5. f3 {[%clk 0:15:36]} O-O {[%clk 0:15:52]}
6. Be3 {[%clk 0:15:45]} Nbd7 {[%clk 0:15:28]} 7. Qd2 {[%clk 0:15:44]} c5
{[%clk 0:15:08]} 8. Nge2 {[%clk 0:15:47]} a6 {[%clk 0:13:19]} 9. g4
{[%clk 0:13:38]} cxd4 {[%clk 0:12:47]} 10. Bxd4 {[%clk 0:13:10]} Qc7
{[%clk 0:09:38]} 11. Ng3 {[%clk 0:11:26]} Ne5 {[%clk 0:09:09]} 12. Bxe5
{[%clk 0:11:17]} dxe5 {[%clk 0:09:18]} 13. h4 {[%clk 0:10:57]} Rd8
{[%clk 0:08:48]} 14. Nd5 {[%clk 0:09:19]} Nxd5 {[%clk 0:08:52]} 15. cxd5
{[%clk 0:09:28]} e6 {[%clk 0:08:37]} 16. Rc1 {[%clk 0:08:38]} Qe7
{[%clk 0:07:24]} 17. Bc4 {[%clk 0:06:57]} exd5 18. Bxd5 Be6 {[%clk 0:06:53]} 19.
Kf2 {[%clk 0:06:37]} Rd7 {[%clk 0:06:08]} 20. Qa5 {[%clk 0:05:17]} Bxd5
{[%clk 0:06:08]} 21. exd5 b5 {[%clk 0:06:08]} 22. Ne4 {[%clk 0:04:56]} Rxd5 23.
Rc7 {[%clk 0:04:17]} Rd7 {[%clk 0:05:21]} 24. Rxd7 {[%clk 0:04:03]} Qxd7
{[%clk 0:05:29]} 25. Qd2 {[%clk 0:04:11]} Qxd2+ {[%clk 0:04:36]} 26. Nxd2
{[%clk 0:04:20]} Rc8 {[%clk 0:04:45]} 27. Ke3 f5 28. g5 {[%clk 0:03:29]} Bf8
{[%clk 0:04:32]} 29. b3 {[%clk 0:02:50]} Bb4 {[%clk 0:04:24]} 30. a3
{[%clk 0:02:16]} Ba5 {[%clk 0:03:34]} 31. b4 {[%clk 0:02:05]} Bb6+ 32. Kd3
{[%clk 0:02:12]} Bd4 {[%clk 0:03:40]} 33. Nb1 {[%clk 0:01:50]} Kf7
{[%clk 0:03:31]} 34. h5 {[%clk 0:01:44]} gxh5 {[%clk 0:02:45]} 35. Rxh5
{[%clk 0:01:53]} Kg6 {[%clk 0:02:47]} 36. Rh6+ {[%clk 0:02:01]} Kxg5
{[%clk 0:02:56]} 37. Rxh7 {[%clk 0:02:10]} Rc1 {[%clk 0:02:56]} 38. Nd2
{[%clk 0:02:04]} Rc3+ {[%clk 0:03:02]} 39. Ke2 {[%clk 0:02:14]} Rxa3
{[%clk 0:03:11]} 40. Rg7+ {[%clk 0:02:14]} Kf4 {[%clk 0:02:40]} 41. Rh7
{[%clk 0:02:07]} Bc3 {[%clk 0:01:41]} 42. Nf1 {[%clk 0:01:44]} e4
{[%clk 0:01:22]} 43. fxe4 {[%clk 0:01:37]} fxe4 {[%clk 0:01:06]} 44. Rf7+
{[%clk 0:01:09]} Ke5 {[%clk 0:01:02]} 45. Re7+ {[%clk 0:01:17]} Kf5
{[%clk 0:00:22]} 46. Ne3+ {[%clk 0:01:11]} Kf6 {[%clk 0:00:16]} 47. Nd5+
{[%clk 0:01:18]} Kf5 {[%clk 0:00:23]} 48. Ne3+ {[%clk 0:01:27]} Kf6
{[%clk 0:00:13]} 49. Nd5+ {[%clk 0:01:27]} Kg5 {[%clk 0:00:17]} 50. Rxe4
{[%clk 0:01:28]} Kf5 {[%clk 0:00:19]} 51. Re3 {[%clk 0:01:21]} Ra2+
{[%clk 0:00:26]} 52. Kd3 {[%clk 0:01:29]} Rd2+ {[%clk 0:00:28]} 53. Kxc3
{[%clk 0:01:25]} Rxd5 {[%clk 0:00:37]} 54. Re8 {[%clk 0:01:34]} Re5
{[%clk 0:00:45]} 55. Rd8 {[%clk 0:01:27]} Re6 {[%clk 0:00:45]} 56. Rd5+
{[%clk 0:01:34]} Ke4 {[%clk 0:00:51]} 57. Rd4+ {[%clk 0:01:30]} Ke5
{[%clk 0:01:00]} 58. Rd1 {[%clk 0:01:22]} Rc6+ {[%clk 0:00:55]} 59. Kb3
{[%clk 0:01:31]} Rd6 {[%clk 0:00:58]} 60. Re1+ {[%clk 0:01:33]} Kd5
{[%clk 0:01:08]} 61. Rc1 {[%clk 0:01:42]} Re6 {[%clk 0:01:10]} 62. Rc3
{[%clk 0:01:41]} Kd4 {[%clk 0:01:16]} 63. Rc8 {[%clk 0:01:37]} Re3+
{[%clk 0:01:01]} 64. Kb2 {[%clk 0:01:45]} Kd5 {[%clk 0:01:00]} 65. Rc7
{[%clk 0:01:43]} Re4 {[%clk 0:01:06]} 66. Kb3 {[%clk 0:01:45]} Re3+
{[%clk 0:00:33]} 67. Kb2 {[%clk 0:01:53]} Re6 {[%clk 0:00:38]} 68. Kb3
{[%clk 0:01:53]} Rc6 {[%clk 0:00:47]} 69. Rd7+ {[%clk 0:02:01]} Rd6
{[%clk 0:00:56]} 70. Rc7 {[%clk 0:02:10]} Rc6 {[%clk 0:00:59]} 71. Rd7+
{[%clk 0:02:19]} Rd6 {[%clk 0:00:58]} 72. Rc7 {[%clk 0:02:28]} Rc6
{[%clk 0:00:57]} 73. Rd7+ {[%clk 0:02:36]} Ke6 {[%clk 0:01:05]} 74. Rd1
{[%clk 0:02:29]} Rd6 {[%clk 0:01:15]} 75. Rc1 {[%clk 0:02:35]} Kd7
{[%clk 0:01:24]} 76. Rh1 {[%clk 0:02:13]} Kc6 {[%clk 0:01:27]} 77. Rh3
{[%clk 0:02:16]} Kb6 {[%clk 0:01:35]} 78. Rg3 {[%clk 0:02:19]} a5
{[%clk 0:01:42]} 79. bxa5+ {[%clk 0:02:26]} Kxa5 {[%clk 0:01:51]} 80. Rh3
{[%clk 0:02:34]} Rd1 {[%clk 0:01:45]} 81. Rg3 {[%clk 0:02:35]} Rb1+
{[%clk 0:01:51]} 82. Ka2 {[%clk 0:02:35]} Rb4 {[%clk 0:01:58]} 83. Ka3
{[%clk 0:02:43]} 1/2-1/2

[Event "AsianNationCup2018-WomenRapid"]
[Site "?"]
[Date "2018.07.27"]
[Round "5.8"]
[White "Sebt Rasoul, Seyede Setare"]
[Black "Hamedi Nia, Vesal"]
[Result "0-1"]
[BlackElo "1930"]
[WhiteElo "1656"]
[LiveChessVersion "1.4.8"]

1. e4 {[%clk 0:15:18]} c5 {[%clk 0:15:19]} 2. Nf3 {[%clk 0:15:27]} e6
{[%clk 0:15:27]} 3. d4 {[%clk 0:15:36]} cxd4 {[%clk 0:15:36]} 4. Nxd4
{[%clk 0:15:45]} Nc6 {[%clk 0:15:45]} 5. Nb5 {[%clk 0:15:39]} d6 {[%clk 0:15:51]}
6. c4 {[%clk 0:15:46]} a6 {[%clk 0:15:53]} 7. N5c3 {[%clk 0:15:38]} Nf6
{[%clk 0:15:50]} 8. Be3 {[%clk 0:15:31]} Be7 {[%clk 0:15:54]} 9. Be2
{[%clk 0:15:32]} O-O {[%clk 0:16:00]} 10. O-O {[%clk 0:15:39]} Qc7
{[%clk 0:15:36]} 11. Na3 {[%clk 0:15:25]} Bd7 {[%clk 0:14:55]} 12. Nc2
{[%clk 0:15:02]} Ne5 {[%clk 0:14:48]} 13. b3 {[%clk 0:14:55]} Bc6
{[%clk 0:13:55]} 14. f4 {[%clk 0:14:44]} Ned7 {[%clk 0:14:02]} 15. Bf3
{[%clk 0:14:52]} Nc5 {[%clk 0:11:23]} 16. Bxc5 {[%clk 0:13:42]} dxc5
{[%clk 0:11:32]} 17. e5 {[%clk 0:13:47]} Nd7 {[%clk 0:10:18]} 18. Bxc6
{[%clk 0:12:58]} Qxc6 {[%clk 0:10:18]} 19. Qe2 {[%clk 0:12:52]} Rad8
{[%clk 0:09:11]} 20. f5 {[%clk 0:12:18]} exf5 {[%clk 0:08:38]} 21. Nd5
{[%clk 0:12:05]} Rde8 {[%clk 0:07:54]} 22. Rxf5 {[%clk 0:11:10]} Qg6
{[%clk 0:05:35]} 23. Raf1 {[%clk 0:10:17]} Bd6 {[%clk 0:05:11]} 24. Qd2
{[%clk 0:06:28]} Bxe5 {[%clk 0:05:02]} 25. Rg5 {[%clk 0:04:57]} Qh6
{[%clk 0:05:02]} 26. h3 {[%clk 0:04:29]} f6 {[%clk 0:05:00]} 27. Nc7
{[%clk 0:02:33]} Bxc7 {[%clk 0:03:03]} 28. Qxd7 {[%clk 0:02:40]} Qxg5
{[%clk 0:03:10]} 29. Qxc7 {[%clk 0:02:48]} Re2 {[%clk 0:03:15]} 30. Ne1
{[%clk 0:02:41]} Qe3+ {[%clk 0:03:24]} 0-1